000 01380cam a2200313 a 4500
999 _c129116
_d129116
001 16345158
003 ARRUPE
005 20190305104615.0
008 100722s2010 enka b 001 0 eng
010 _a 2010030331
020 _a9783039119899 (pbk. : alk. paper)
040 _aDLC
_cDLC
_dDLC
042 _apcc
043 _af-rh---
050 0 0 _aDT2916
_b.T46 2010
082 0 0 _a968.910072
_222
100 1 _aTendi, Blessing-Miles,
_d1979-
_944952
245 1 0 _aMaking history in Mugabe's Zimbabwe :
_bpolitics, intellectuals, and the media /
_cBlessing-Miles Tendi ; with a foreword by Terence Ranger.
260 _aOxford ;
_aNew York :
_bPeter Lang,
_cc2010.
300 _axviii, 286 p. :
_bill. ;
_c23 cm.
490 0 _aNationalism across the globe,
_x1662-9116 ;
_vvol. 4
504 _aIncludes bibliographical references (p. [273]-282) and index.
600 1 0 _aMugabe, Robert Gabriel,
_d1924-
_917726
650 0 _aIntellectuals
_xPolitical activity
_zZimbabwe.
_944953
651 0 _aZimbabwe
_xHistoriography.
_93918
651 0 _aZimbabwe
_xIntellectual life
_xPolitical aspects.
_944954
651 0 _aZimbabwe
_xPolitics and government
_y1980-
_944955
906 _a7
_bcbc
_corignew
_d1
_eecip
_f20
_gy-gencatlg
942 _2lcc
_cMONOGRAPH